Applied groundwater modeling : simulation of flow and advective transport (Record no. 81501)
[ view plain ]
| 000 -LEADER | |
|---|---|
| fixed length control field | 00922nam a22002777a 4500 |
| 003 - CONTROL NUMBER IDENTIFIER | |
| control field | CBULib |
| 005 - DATE AND TIME OF LATEST TRANSACTION | |
| control field | 20250612082509.0 |
| 008 - FIXED-LENGTH DATA ELEMENTS--GENERAL INFORMATION | |
| fixed length control field | 230830b |||||||| |||| 00| 0 eng d |
| 020 ## - INTERNATIONAL STANDARD BOOK NUMBER | |
| International Standard Book Number | 9780120581030 |
| 040 ## - CATALOGING SOURCE | |
| Language of cataloging | English |
| Transcribing agency | CBULib |
| Description conventions | rda |
| 041 ## - LANGUAGE CODE | |
| Language code of text/sound track or separate title | eng |
| 050 ## - LIBRARY OF CONGRESS CALL NUMBER | |
| Classification number | GB 1197.7 And |
| 100 ## - MAIN ENTRY--PERSONAL NAME | |
| 9 (RLIN) | 693 |
| Personal name | Anderson, Mary P. |
| 245 ## - TITLE STATEMENT | |
| Title | Applied groundwater modeling : simulation of flow and advective transport |
| Statement of responsibility, etc | / by Mary p. Anderson; William W. Woessner; Randall J. Hunt |
| 250 ## - EDITION STATEMENT | |
| Edition statement | Second edition |
| 260 ## - PUBLICATION, DISTRIBUTION, ETC. (IMPRINT) | |
| Place of publication, distribution, etc | London : |
| Name of publisher, distributor, etc | Elsevier, |
| Date of publication, distribution, etc | [2015] |
| 300 ## - PHYSICAL DESCRIPTION | |
| Extent | Ixi, 564 pages : illustrations |
| 336 ## - CONTENT TYPE | |
| Source | rdacontent |
| Content type term | Text | |
| Content type code | txt |
| 337 ## - MEDIA TYPE | |
| Source | rdamedia |
| Media type term | Unmediated | |
| Media type code | n |
| 338 ## - CARRIER TYPE | |
| Source | rdacarrier |
| Carrier type term | Volume |
| Carrier type code | nc |
| 504 ## - BIBLIOGRAPHY, ETC. NOTE | |
| Bibliography, etc | Includes index |
| 650 #0 - SUBJECT ADDED ENTRY--TOPICAL TERM | |
| Source of heading or term | Library of Congress |
| 9 (RLIN) | 694 |
| Topical term or geographic name as entry element | GROUNDWATER FLOW--SIMULATION METHODS |
| 700 ## - ADDED ENTRY--PERSONAL NAME | |
| 9 (RLIN) | 695 |
| Personal name | Woessner, William W. |
| 700 ## - ADDED ENTRY--PERSONAL NAME | |
| 9 (RLIN) | 696 |
| Personal name | Hunt, Randall J. |
| 942 ## - ADDED ENTRY ELEMENTS (KOHA) | |
| Source of classification or shelving scheme | |
| Koha item type | MONOGRAPH |
| Withdrawn status | Lost status | Source of classification or shelving scheme | Damaged status | Not for loan | Collection code | Permanent Location | Current Location | Shelving location | Date acquired | Source of acquisition | Cost, normal purchase price | Total Checkouts | Full call number | Barcode | Date last seen | Copy number | Cost, replacement price | Price effective from | Koha item type |
|---|---|---|---|---|---|---|---|---|---|---|---|---|---|---|---|---|---|---|---|
| Mpika Library Collection | CBU-MPIKA LIBRARY, MPIKA CAMPUS. | CBU-MAIN LIBRARY, KITWE. | General Stacks | 08/30/2023 | DON-BOOKAID | 98.00 | GB 1197.7 And | 752176 | 08/30/2023 | 1 | 117.60 | 08/30/2023 | MONOGRAPH | ||||||
| Main Library Open Access Collection | CBU-MAIN LIBRARY, KITWE. | CBU-MAIN LIBRARY, KITWE. | General Stacks | 10/16/2023 | DON-BOOKAID | 98.00 | GB 1197.7 And | 752177 | 10/16/2023 | 2 | 10/16/2023 | MONOGRAPH | |||||||
| CBU-Lusaka Campus | CBU- LUSAKA CAMPUS | CBU-MAIN LIBRARY, KITWE. | General Stacks | 09/18/2024 | DON-BOOKAID | 98.00 | GB 1197.7 And | 752767 | 09/18/2024 | 3 | 09/18/2024 | MONOGRAPH | |||||||
| CBU-Lusaka Campus | CBU- LUSAKA CAMPUS | CBU-MAIN LIBRARY, KITWE. | General Stacks | 09/18/2024 | DON-BOOKAID | 98.00 | GB 1197.7 And | 752768 | 09/18/2024 | 4 | 09/18/2024 | MONOGRAPH |